| 000 | 03717pam a2200661 i 4500 | ||
|---|---|---|---|
| 999 |
_c242058 _d242058 |
||
| 001 | 2794305 | ||
| 005 | 20190307120025.0 | ||
| 008 | 181105s2018 mnua c 001 0 eng d | ||
| 010 | _a 2018288939 | ||
| 020 |
_a9781541501010 (hbk.) : _c$27.99 |
||
| 020 |
_a1541501012 (hbk.) : _c$27.99 |
||
| 020 | _z9781541523975 (eb pdf) | ||
| 035 | _a(OCoLC)1021809482 | ||
| 035 | _a(OCoLC)on1021809482 | ||
| 035 | _a2781333 | ||
| 040 |
_aGL5 _beng _cGL5 _erda _dOCLCO _dJQM _dYDX _dBDX _dDLC |
||
| 042 | _alccopycat | ||
| 049 | _aIGAA | ||
| 050 | 0 | 0 |
_aQE861.5 _b.M342975 2018 |
| 082 | 0 | 4 |
_a567.9 _223 |
| 092 |
_a567.9 _bM411D 2018 |
||
| 999 | _b567.9 M411D 2018 | ||
| 100 | 1 |
_aMason, Paul, _d1967- _eauthor. _95768638 |
|
| 245 | 1 | 0 |
_aDinosaur predators on the plain / _cby Paul Mason ; illustrated by Andre Leonard. |
| 264 | 1 |
_aMinneapolis : _bHungry Tomato, _c2018. |
|
| 300 |
_a31 pages : _bcolor illustrations ; _c24 cm. |
||
| 336 | _atext | ||
| 337 | _aunmediated | ||
| 338 | _avolume | ||
| 490 | 1 | _aDinosaurs rule | |
| 500 | _aIncludes index. | ||
| 505 | 0 | _aDinosaur rulers: Allosaurus, Brontosaurus -- Locked in combat: Velociraptor, Protoceratops -- Attack on Junior: Utahraptor, Iguanacolossus -- Deadly tail spikes: Ceratosaurus, Stegosaurus -- Lost and alone: Deinonychus, Tenontosaurus -- Believe it or not! -- Dinosaur puzzlers -- Glossary -- Index. | |
| 520 | _aThe sweeping grasslands are a raging battleground! Witness towering Utahraptors threatening a young Iguanacolossus, Allosaurus locked on to giant Brontosaurus, and other titanic fights to the death. No dinosaur can surrender--all want to be predator, not prey.-- | ||
| 521 | 1 |
_a8-12 _bBrodart. |
|
| 521 | 2 |
_a3-7 _bBrodart. |
|
| 650 | 0 |
_aDinosaurs _vJuvenile literature. _95673950 |
|
| 650 | 0 |
_aDinosaurs _xBehavior _vJuvenile literature. _95768632 |
|
| 650 | 7 |
_aDinosaurs. _2fast _982745 |
|
| 650 | 7 |
_aDinosaurs _xBehavior. _2fast _95768633 |
|
| 650 | 1 |
_aDinosaurs. _982745 |
|
| 650 | 1 |
_aDinosaurs _xBehavior. _95768633 |
|
| 650 | 0 |
_aDinosaurs _vMiscellanea _vJuvenile literature. _95744685 |
|
| 650 | 1 |
_aDinosaurs _vMiscellanea. _95744687 |
|
| 655 | 7 |
_aJuvenile works. _2fast _95673941 |
|
| 700 | 1 |
_aLeonard, Andre, _d1954- _eillustrator. _95768639 |
|
| 800 | 1 |
_aMason, Paul, _d1967- _tDinosaurs rule. _95768635 |
|
| 942 |
_2ddc _cBOOK |
||
| 948 |
_aBPC _bCHILDREN'S _pX119501104 _kJ _h567.9 _iM411D 2018 _f1 _r2 _g1 _70 _u3 _w11 _s0 _oBPC _0$27.99 _y99 _c88 _jDewey Decimal _nOn-Order _e1454214-4 _9Item generated Dec 13 2018 9:35AM |
||
| 948 |
_aBRF _bCHILDREN'S _pX119501112 _kJ _h567.9 _iM411D 2018 _f1 _r2 _g1 _70 _u3 _w11 _s0 _oBRF _0$27.99 _y99 _c88 _jDewey Decimal _nOn-Order _e1454214-5 _9Item generated Dec 13 2018 9:35AM |
||
| 948 |
_aBLW _bCHILDREN'S _pX119501120 _kJ _h567.9 _iM411D 2018 _f1 _r2 _g1 _70 _u3 _w11 _s0 _oBLW _0$27.99 _y99 _c88 _jDewey Decimal _nOn-Order _e1454214-1 _9Item generated Dec 13 2018 9:35AM |
||
| 948 |
_aBOL _bCHILDREN'S _pX119501138 _kJ _h567.9 _iM411D 2018 _f1 _r2 _g1 _70 _u3 _w11 _s0 _oBOL _0$27.99 _y99 _c88 _jDewey Decimal _nOn-Order _e1454214-2 _9Item generated Dec 13 2018 9:35AM |
||
| 948 |
_aBMC _bCHILDREN'S _pX119501146 _kJ _h567.9 _iM411D 2018 _f1 _r2 _g1 _70 _u3 _w11 _s0 _oBMC _0$27.99 _y99 _c88 _jDewey Decimal _nOn-Order _e1454214-3 _9Item generated Dec 13 2018 9:35AM |
||